[Event "European Individual Blitz Chess Championship 2016"]
[Site "?"]
[Date "2016.12.17"]
[Round "5.14"]
[White "Munoz, Miguel"]
[Black "Malakhov, Igor"]
[Result "1-0"]
[BlackElo "2377"]
[WhiteElo "2651"]
[LiveChessVersion "1.4.7"]

1. e4 {[%clk 0:03:03]} c5 {[%clk 0:03:03]} 2. g3 {[%clk 0:03:04]} e6
{[%clk 0:03:01]} 3. Bg2 {[%clk 0:03:05]} d5 {[%clk 0:03:02]} 4. exd5
{[%clk 0:03:06]} exd5 {[%clk 0:03:03]} 5. d4 {[%clk 0:03:07]} Nf6
{[%clk 0:02:53]} 6. Ne2 {[%clk 0:03:07]} Nc6 {[%clk 0:02:53]} 7. O-O
{[%clk 0:03:07]} Be7 {[%clk 0:02:47]} 8. Nbc3 {[%clk 0:03:07]} O-O
{[%clk 0:02:43]} 9. Bg5 {[%clk 0:03:04]} Be6 {[%clk 0:02:35]} 10. dxc5
{[%clk 0:03:02]} d4 {[%clk 0:02:32]} 11. Bxf6 {[%clk 0:02:51]} Bxf6
{[%clk 0:02:25]} 12. Ne4 {[%clk 0:02:52]} Be7 {[%clk 0:02:23]} 13. Nf4
{[%clk 0:02:52]} Bc4 {[%clk 0:02:20]} 14. Re1 {[%clk 0:02:53]} f5
{[%clk 0:02:13]} 15. Nd2 {[%clk 0:02:48]} Bf7 {[%clk 0:02:14]} 16. Nb3
{[%clk 0:02:48]} Qd7 {[%clk 0:02:06]} 17. c3 {[%clk 0:02:19]} Bf6
{[%clk 0:01:27]} 18. Bxc6 {[%clk 0:01:57]} Qxc6 {[%clk 0:01:29]} 19. Nxd4
{[%clk 0:01:57]} Qc8 {[%clk 0:01:10]} 20. Qf3 {[%clk 0:01:39]} Rd8
{[%clk 0:00:37]} 21. Nfe6 {[%clk 0:00:55]} Bxd4 {[%clk 0:00:26]} 22. Nxd8
{[%clk 0:00:47]} Qxd8 {[%clk 0:00:27]} 23. Rad1 {[%clk 0:00:34]} Bxf2+
{[%clk 0:00:26]} 24. Kxf2 {[%clk 0:00:32]} Qa5 {[%clk 0:00:23]} 25. b4
{[%clk 0:00:21]} Qxa2+ {[%clk 0:00:24]} 26. Re2 {[%clk 0:00:23]} Qc4
{[%clk 0:00:22]} 27. Rd4 {[%clk 0:00:22]} Qb3 {[%clk 0:00:22]} 28. Qxb7
{[%clk 0:00:16]} Rf8 {[%clk 0:00:23]} 29. Qf3 {[%clk 0:00:15]} g5
{[%clk 0:00:17]} 30. c6 {[%clk 0:00:16]} g4 {[%clk 0:00:19]} 31. Qe3
{[%clk 0:00:17]} Bc4 {[%clk 0:00:15]} 32. Rxc4 Qxc4 {[%clk 0:00:16]} 33. Qe6+
{[%clk 0:00:17]} Qxe6 {[%clk 0:00:18]} 34. Rxe6 {[%clk 0:00:19]} Kf7
{[%clk 0:00:19]} 35. Rd6 {[%clk 0:00:20]} Rc8 {[%clk 0:00:19]} 36. b5
{[%clk 0:00:20]} Ke7 {[%clk 0:00:21]} 37. Rd7+ {[%clk 0:00:21]} Ke6
{[%clk 0:00:22]} 38. Ke3 {[%clk 0:00:22]} a6 {[%clk 0:00:24]} 39. c4
{[%clk 0:00:23]} Ke5 {[%clk 0:00:25]} 40. Rd5+ {[%clk 0:00:19]} Ke6
{[%clk 0:00:26]} 41. Kd4 {[%clk 0:00:20]} f4 {[%clk 0:00:25]} 42. gxf4
{[%clk 0:00:21]} axb5 {[%clk 0:00:26]} 43. cxb5 {[%clk 0:00:22]} Ra8
{[%clk 0:00:27]} 44. c7 {[%clk 0:00:17]} Ra4+ {[%clk 0:00:28]} 45. Kc5
{[%clk 0:00:18]} Kxd5+ 1-0

[Event "European Individual Blitz Chess Championship 2016"]
[Site "?"]
[Date "2016.12.17"]
[Round "6.7"]
[White "Vitiugov, Nikita"]
[Black "Kazakovskiy, Valeriy"]
[Result "1-0"]
[BlackElo "2440"]
[WhiteElo "2682"]
[LiveChessVersion "1.4.7"]

1. d4 {[%clk 0:03:03]} Nf6 {[%clk 0:03:03]} 2. Bf4 {[%clk 0:03:04]} e6
{[%clk 0:03:02]} 3. e3 {[%clk 0:03:04]} c5 {[%clk 0:03:03]} 4. Nf3
{[%clk 0:03:04]} b6 {[%clk 0:03:01]} 5. Nc3 {[%clk 0:03:04]} a6 {[%clk 0:02:54]}
6. d5 {[%clk 0:03:02]} Bb7 {[%clk 0:02:49]} 7. dxe6 {[%clk 0:02:52]} fxe6
{[%clk 0:02:48]} 8. Be2 {[%clk 0:02:46]} b5 {[%clk 0:02:41]} 9. O-O
{[%clk 0:02:35]} Be7 {[%clk 0:02:42]} 10. a3 {[%clk 0:02:25]} O-O
{[%clk 0:02:41]} 11. Qd2 {[%clk 0:02:12]} d5 {[%clk 0:02:35]} 12. Rad1
{[%clk 0:02:07]} Nc6 {[%clk 0:02:30]} 13. Ng5 {[%clk 0:01:59]} Qd7
{[%clk 0:02:26]} 14. Nce4 {[%clk 0:01:25]} Rad8 {[%clk 0:01:47]} 15. Nxf6+
{[%clk 0:01:20]} gxf6 {[%clk 0:01:43]} 16. Nf3 {[%clk 0:01:18]} Kh8
{[%clk 0:01:38]} 17. e4 {[%clk 0:01:09]} d4 {[%clk 0:01:20]} 18. Bg3
{[%clk 0:01:05]} Bd6 {[%clk 0:01:15]} 19. Nh4 {[%clk 0:01:02]} Bxg3
{[%clk 0:01:12]} 20. hxg3 {[%clk 0:01:03]} Qg7 {[%clk 0:01:11]} 21. Qf4
{[%clk 0:00:54]} Ne5 {[%clk 0:01:00]} 22. Rfe1 {[%clk 0:00:55]} Qg5
{[%clk 0:00:57]} 23. Bf1 {[%clk 0:00:43]} Qg7 {[%clk 0:00:37]} 24. b3
{[%clk 0:00:40]} Ng6 {[%clk 0:00:30]} 25. Nxg6+ {[%clk 0:00:38]} hxg6
{[%clk 0:00:29]} 26. a4 e5 {[%clk 0:00:30]} 27. Qh4+ {[%clk 0:00:37]} Qh7
{[%clk 0:00:26]} 28. axb5 {[%clk 0:00:36]} Qxh4 {[%clk 0:00:25]} 29. gxh4
{[%clk 0:00:36]} axb5 {[%clk 0:00:26]} 30. Bxb5 {[%clk 0:00:37]} Ra8
{[%clk 0:00:27]} 31. Bd3 {[%clk 0:00:29]} Ra3 {[%clk 0:00:21]} 32. Ra1
{[%clk 0:00:29]} Rfa8 {[%clk 0:00:22]} 33. Rxa3 {[%clk 0:00:29]} Rxa3
{[%clk 0:00:24]} 34. Rb1 {[%clk 0:00:27]} Ra2 {[%clk 0:00:11]} 35. f3
{[%clk 0:00:25]} Bc8 {[%clk 0:00:10]} 36. Kf1 {[%clk 0:00:22]} Be6
{[%clk 0:00:11]} 37. Ke1 {[%clk 0:00:22]} Kg7 {[%clk 0:00:11]} 38. Kd2
{[%clk 0:00:21]} f5 {[%clk 0:00:11]} 39. g3 {[%clk 0:00:20]} Kf6 {[%clk 0:00:12]}
40. Bc4 {[%clk 0:00:18]} Bxc4 {[%clk 0:00:08]} 41. bxc4 {[%clk 0:00:18]} Ra3
{[%clk 0:00:09]} 42. Rb6+ {[%clk 0:00:18]} Kf7 {[%clk 0:00:10]} 43. Rb3
{[%clk 0:00:18]} Ra4 {[%clk 0:00:06]} 44. Kd3 {[%clk 0:00:19]} Ra1
{[%clk 0:00:07]} 45. Rb7+ {[%clk 0:00:18]} Kf6 {[%clk 0:00:09]} 46. Rb6+
{[%clk 0:00:19]} Kf7 {[%clk 0:00:10]} 47. Rc6 {[%clk 0:00:18]} Rf1
{[%clk 0:00:09]} 48. Ke2 {[%clk 0:00:18]} Rc1 {[%clk 0:00:10]} 49. Kd2
{[%clk 0:00:19]} Rf1 {[%clk 0:00:11]} 50. Rxc5 {[%clk 0:00:19]} Rxf3
{[%clk 0:00:09]} 51. Rxe5 {[%clk 0:00:19]} fxe4 {[%clk 0:00:04]} 52. Rxe4
{[%clk 0:00:19]} Rxg3 {[%clk 0:00:05]} 53. Rxd4 {[%clk 0:00:20]} Ke6
{[%clk 0:00:07]} 54. c5 {[%clk 0:00:21]} Ra3 {[%clk 0:00:05]} 55. Rd6+
{[%clk 0:00:20]} Kf5 {[%clk 0:00:05]} 56. c6 {[%clk 0:00:19]} Ra4
{[%clk 0:00:03]} 57. Kd3 {[%clk 0:00:18]} Ke4+ 58. Kxe4 1-0

[Event "European Individual Blitz Chess Championship 2016"]
[Site "?"]
[Date "2016.12.17"]
[Round "6.19"]
[White "Tomazini, Zan"]
[Black "Kobalia, Mikhail"]
[Result "1-0"]
[BlackElo "2625"]
[WhiteElo "2348"]
[LiveChessVersion "1.4.7"]

1. e4 {[%clk 0:03:02]} c5 {[%clk 0:03:04]} 2. c3 {[%clk 0:03:04]} Nf6
{[%clk 0:03:04]} 3. e5 {[%clk 0:03:05]} Nd5 {[%clk 0:03:05]} 4. d4
{[%clk 0:03:06]} cxd4 {[%clk 0:03:07]} 5. cxd4 {[%clk 0:03:08]} e6
{[%clk 0:03:08]} 6. Nf3 {[%clk 0:03:09]} d6 {[%clk 0:03:09]} 7. Bc4
{[%clk 0:03:10]} Nb6 {[%clk 0:03:09]} 8. Bb3 {[%clk 0:03:09]} dxe5
{[%clk 0:03:09]} 9. Nxe5 {[%clk 0:03:10]} Nc6 {[%clk 0:03:08]} 10. Nf3
{[%clk 0:03:11]} Be7 {[%clk 0:03:01]} 11. O-O O-O 12. Nc3 {[%clk 0:03:08]} Nd5
{[%clk 0:02:58]} 13. Ne4 {[%clk 0:02:59]} b6 {[%clk 0:02:54]} 14. Re1
{[%clk 0:02:45]} Bb7 {[%clk 0:02:55]} 15. a3 {[%clk 0:02:31]} Rc8
{[%clk 0:02:56]} 16. Bc2 {[%clk 0:02:21]} Nf6 {[%clk 0:02:50]} 17. Nfg5
{[%clk 0:02:15]} g6 {[%clk 0:02:46]} 18. Be3 {[%clk 0:01:36]} Na5
{[%clk 0:02:47]} 19. Bd3 {[%clk 0:01:01]} Nc4 {[%clk 0:02:48]} 20. Bxc4
{[%clk 0:01:01]} Rxc4 {[%clk 0:02:49]} 21. Nd2 {[%clk 0:00:45]} Rc8
{[%clk 0:02:46]} 22. Ngf3 {[%clk 0:00:45]} Qd5 {[%clk 0:02:46]} 23. Bh6
{[%clk 0:00:45]} Rfd8 {[%clk 0:02:46]} 24. Re5 {[%clk 0:00:46]} Qd6
{[%clk 0:02:30]} 25. h3 {[%clk 0:00:46]} Qc6 {[%clk 0:02:19]} 26. Qe2
{[%clk 0:00:45]} Qd7 {[%clk 0:02:07]} 27. Re1 {[%clk 0:00:44]} Rc2
{[%clk 0:02:07]} 28. Qd3 {[%clk 0:00:33]} Rdc8 {[%clk 0:02:07]} 29. Ng5
{[%clk 0:00:31]} Rc1 {[%clk 0:02:03]} 30. Ndf3 {[%clk 0:00:26]} Rxe1+
{[%clk 0:01:54]} 31. Rxe1 {[%clk 0:00:27]} Qc6 {[%clk 0:01:55]} 32. Nxf7
{[%clk 0:00:26]} Qc2 {[%clk 0:01:47]} 33. Qe3 {[%clk 0:00:20]} Qe4
{[%clk 0:01:27]} 34. Qg5 {[%clk 0:00:20]} Qf5 {[%clk 0:00:55]} 35. Qxf5
{[%clk 0:00:19]} gxf5 {[%clk 0:00:56]} 36. N7g5 {[%clk 0:00:19]} Ne4
{[%clk 0:00:53]} 37. Nxe6 {[%clk 0:00:18]} Rc2 {[%clk 0:00:53]} 38. Be3
{[%clk 0:00:12]} Rxb2 {[%clk 0:00:53]} 39. Rc1 {[%clk 0:00:12]} Bd6
{[%clk 0:00:48]} 40. Ne5 {[%clk 0:00:12]} Bd5 {[%clk 0:00:43]} 41. Nc7
{[%clk 0:00:09]} Bb3 {[%clk 0:00:30]} 42. Ne8 {[%clk 0:00:06]} Bxa3
{[%clk 0:00:26]} 43. Rc8 {[%clk 0:00:04]} Be6 {[%clk 0:00:24]} 44. Nf6+
{[%clk 0:00:04]} Kg7 {[%clk 0:00:25]} 45. Nh5# {[%clk 0:00:04]} Kg8 1-0

[Event "European Individual Blitz Chess Championship 2016"]
[Site "?"]
[Date "2016.12.17"]
[Round "6.27"]
[White "Buchicchio, Giampaolo"]
[Black "Chigaev, Maksim"]
[Result "0-1"]
[BlackElo "2589"]
[WhiteElo "2303"]
[LiveChessVersion "1.4.7"]

1. e4 {[%clk 0:03:03]} g6 {[%clk 0:03:01]} 2. d4 {[%clk 0:03:05]} Bg7
{[%clk 0:03:02]} 3. Nc3 {[%clk 0:02:56]} a6 {[%clk 0:03:03]} 4. f4
{[%clk 0:02:51]} d6 {[%clk 0:03:04]} 5. Nf3 {[%clk 0:02:51]} b5 {[%clk 0:03:05]}
6. Bd3 {[%clk 0:02:47]} Nd7 {[%clk 0:03:06]} 7. Qe2 {[%clk 0:02:32]} c5
{[%clk 0:02:58]} 8. e5 {[%clk 0:01:35]} cxd4 {[%clk 0:02:54]} 9. e6
{[%clk 0:00:58]} fxe6 {[%clk 0:02:54]} 10. Ne4 {[%clk 0:00:54]} Nc5
{[%clk 0:02:47]} 11. O-O {[%clk 0:00:51]} Nf6 {[%clk 0:02:45]} 12. Neg5
{[%clk 0:00:39]} O-O {[%clk 0:02:30]} 13. b4 {[%clk 0:00:41]} Nxd3
{[%clk 0:02:31]} 14. cxd3 {[%clk 0:00:42]} Qd7 {[%clk 0:01:29]} 15. Nxd4
{[%clk 0:00:43]} Qa7 {[%clk 0:01:08]} 16. Ngxe6 {[%clk 0:00:21]} Nd5 17. Bb2 Nxf4
{[%clk 0:00:14]} 18. Rxf4 {[%clk 0:00:06]} Rxf4 {[%clk 0:00:15]} 0-1

[Event "European Individual Blitz Chess Championship 2016"]
[Site "?"]
[Date "2016.12.17"]
[Round "7.5"]
[White "Kulaots, Kaido"]
[Black "Kovalenko, Igor"]
[Result "0-1"]
[BlackElo "2667"]
[WhiteElo "2572"]
[LiveChessVersion "1.4.7"]

1. e4 {[%clk 0:03:04]} c6 {[%clk 0:03:03]} 2. d4 {[%clk 0:03:05]} d5
{[%clk 0:03:05]} 3. Nc3 {[%clk 0:03:06]} dxe4 {[%clk 0:03:06]} 4. Nxe4
{[%clk 0:03:07]} Nf6 {[%clk 0:03:07]} 5. Nxf6+ gxf6 {[%clk 0:03:08]} 6. Nf3
{[%clk 0:03:09]} Bg4 {[%clk 0:03:05]} 7. Be2 {[%clk 0:03:10]} Nd7
{[%clk 0:03:06]} 8. h3 {[%clk 0:03:11]} Bh5 {[%clk 0:03:08]} 9. O-O
{[%clk 0:03:12]} Qc7 {[%clk 0:03:08]} 10. a4 {[%clk 0:03:03]} Bg7
{[%clk 0:03:09]} 11. a5 {[%clk 0:03:02]} O-O {[%clk 0:03:09]} 12. Nh4
{[%clk 0:03:03]} Bg6 {[%clk 0:03:10]} 13. Re1 {[%clk 0:02:57]} Rad8
{[%clk 0:03:10]} 14. c3 {[%clk 0:02:35]} e6 {[%clk 0:03:07]} 15. Bf3
{[%clk 0:02:31]} Rfe8 {[%clk 0:02:54]} 16. Be3 {[%clk 0:02:29]} f5
{[%clk 0:02:36]} 17. Nxg6 {[%clk 0:02:00]} hxg6 {[%clk 0:02:37]} 18. a6
{[%clk 0:01:49]} b6 {[%clk 0:02:34]} 19. Qa4 {[%clk 0:01:50]} b5 {[%clk 0:02:35]}
20. Qa5 {[%clk 0:01:48]} Nb6 {[%clk 0:02:36]} 21. Rad1 {[%clk 0:01:42]} Bf6
{[%clk 0:01:24]} 22. g3 {[%clk 0:01:41]} Kg7 {[%clk 0:01:25]} 23. h4
{[%clk 0:01:42]} Rh8 {[%clk 0:01:21]} 24. Kg2 {[%clk 0:01:30]} Qc8
{[%clk 0:01:20]} 25. b3 {[%clk 0:01:19]} Nd5 {[%clk 0:01:22]} 26. Bd2
{[%clk 0:01:21]} Nb6 {[%clk 0:00:43]} 27. Be3 {[%clk 0:01:13]} Rd7
{[%clk 0:00:43]} 28. Re2 {[%clk 0:01:01]} Nd5 {[%clk 0:00:24]} 29. Bd2
{[%clk 0:01:00]} Nb6 {[%clk 0:00:26]} 30. Be3 {[%clk 0:01:00]} Nd5
{[%clk 0:00:26]} 31. Bd2 {[%clk 0:00:57]} Bd8 {[%clk 0:00:26]} 32. Qa1
{[%clk 0:00:53]} Nf6 {[%clk 0:00:24]} 33. c4 {[%clk 0:00:51]} bxc4
{[%clk 0:00:22]} 34. bxc4 {[%clk 0:00:52]} Nh7 {[%clk 0:00:19]} 35. Bc3
{[%clk 0:00:45]} Bf6 {[%clk 0:00:21]} 36. Qa4 {[%clk 0:00:33]} c5
{[%clk 0:00:19]} 37. Bb7 {[%clk 0:00:32]} Rxb7 {[%clk 0:00:16]} 38. axb7
{[%clk 0:00:33]} Qxb7+ {[%clk 0:00:17]} 39. Kg1 {[%clk 0:00:34]} g5
{[%clk 0:00:14]} 40. Qa1 {[%clk 0:00:30]} gxh4 {[%clk 0:00:14]} 41. dxc5
{[%clk 0:00:30]} hxg3 {[%clk 0:00:14]} 42. fxg3 {[%clk 0:00:27]} Qf3
{[%clk 0:00:15]} 43. Bxf6+ {[%clk 0:00:20]} Nxf6 {[%clk 0:00:16]} 44. Rg2
{[%clk 0:00:11]} Qe3+ {[%clk 0:00:10]} 45. Rf2 {[%clk 0:00:13]} Kg6
{[%clk 0:00:11]} 46. Qc1 {[%clk 0:00:12]} Rh1+ {[%clk 0:00:12]} 47. Kxh1
{[%clk 0:00:13]} Qxf2 {[%clk 0:00:13]} 48. Qf4 {[%clk 0:00:10]} Qxc5
{[%clk 0:00:11]} 49. Rd2 {[%clk 0:00:09]} Ng4 {[%clk 0:00:11]} 50. Rd8
{[%clk 0:00:07]} Qc6+ {[%clk 0:00:08]} 51. Kg1 {[%clk 0:00:08]} Qb6+
{[%clk 0:00:09]} 52. Qd4 {[%clk 0:00:09]} Qb1+ {[%clk 0:00:09]} 53. Kg2
{[%clk 0:00:10]} Qc2+ {[%clk 0:00:09]} 54. Kg1 {[%clk 0:00:11]} Qh2+ 55. Kf1 Qh1+
{[%clk 0:00:03]} 56. Ke2 {[%clk 0:00:14]} Qg2+ {[%clk 0:00:04]} 57. Kd1
{[%clk 0:00:14]} e5 {[%clk 0:00:04]} 58. Qd6+ {[%clk 0:00:12]} Kh7
{[%clk 0:00:05]} 59. Qd7 {[%clk 0:00:10]} Qf3+ {[%clk 0:00:05]} 60. Kc1
{[%clk 0:00:11]} Qc3+ {[%clk 0:00:06]} 61. Kb1 {[%clk 0:00:11]} Qb3+
{[%clk 0:00:06]} 62. Kc1 Qxc4+ {[%clk 0:00:07]} 63. Kb1 {[%clk 0:00:14]} Qb4+
{[%clk 0:00:07]} 64. Ka2 Qa5+ {[%clk 0:00:07]} 65. Kb2 {[%clk 0:00:16]} Qb6+
{[%clk 0:00:08]} 66. Ka2 {[%clk 0:00:16]} Qf6 {[%clk 0:00:09]} 67. Qe8
{[%clk 0:00:16]} Qe6+ {[%clk 0:00:10]} 68. Qxe6 {[%clk 0:00:15]} fxe6
{[%clk 0:00:11]} 69. Re8 {[%clk 0:00:16]} Kg6 {[%clk 0:00:08]} 70. Rxe6+
{[%clk 0:00:17]} Kg5 {[%clk 0:00:09]} 71. Kb3 {[%clk 0:00:16]} e4
{[%clk 0:00:11]} 72. Kc3 {[%clk 0:00:17]} Ne3 {[%clk 0:00:10]} 73. Re8
{[%clk 0:00:15]} Kg4 {[%clk 0:00:12]} 74. Rg8+ {[%clk 0:00:15]} Kf3
{[%clk 0:00:13]} 75. Kd4 {[%clk 0:00:16]} a5 {[%clk 0:00:14]} 76. Ra8
{[%clk 0:00:09]} Nf1 {[%clk 0:00:15]} 77. Rxa5 {[%clk 0:00:09]} Nxg3
{[%clk 0:00:16]} 78. Ra3+ {[%clk 0:00:11]} Kf4 {[%clk 0:00:17]} 79. Rb3
{[%clk 0:00:10]} Ne2+ {[%clk 0:00:18]} 80. Kd5 {[%clk 0:00:11]} e3
{[%clk 0:00:19]} 81. Ke6 {[%clk 0:00:08]} Nd4+ {[%clk 0:00:20]} 82. Ke5+ Kxe5 0-1

[Event "European Individual Blitz Chess Championship 2016"]
[Site "?"]
[Date "2016.12.17"]
[Round "8.2"]
[White "Grigoriants, Sergey"]
[Black "Bortnyk, Olexandr"]
[Result "0-1"]
[BlackElo "2741"]
[WhiteElo "2590"]
[LiveChessVersion "1.4.7"]

1. c4 {[%clk 0:03:01]} d6 {[%clk 0:03:03]} 2. d4 {[%clk 0:03:01]} e5
{[%clk 0:03:03]} 3. Nf3 {[%clk 0:03:00]} e4 {[%clk 0:03:04]} 4. Ng5
{[%clk 0:02:56]} f5 {[%clk 0:03:04]} 5. Nc3 {[%clk 0:02:52]} Be7 {[%clk 0:03:05]}
6. Nh3 {[%clk 0:02:49]} Nf6 {[%clk 0:03:03]} 7. Nf4 {[%clk 0:02:29]} c6
{[%clk 0:03:04]} 8. e3 {[%clk 0:02:25]} O-O {[%clk 0:02:59]} 9. h4
{[%clk 0:02:12]} Na6 {[%clk 0:02:48]} 10. Be2 {[%clk 0:02:12]} Nc7
{[%clk 0:02:48]} 11. Bd2 {[%clk 0:02:09]} Ne6 {[%clk 0:02:47]} 12. d5
{[%clk 0:01:43]} Nxf4 {[%clk 0:02:44]} 13. exf4 {[%clk 0:01:44]} cxd5
{[%clk 0:02:33]} 14. cxd5 {[%clk 0:01:45]} Bd7 {[%clk 0:02:33]} 15. Be3
{[%clk 0:01:45]} b5 {[%clk 0:02:09]} 16. a3 {[%clk 0:01:38]} a6 {[%clk 0:02:08]}
17. O-O {[%clk 0:01:34]} Be8 {[%clk 0:02:03]} 18. Rc1 {[%clk 0:01:33]} Bf7
{[%clk 0:02:04]} 19. Qd2 {[%clk 0:01:25]} Qd7 {[%clk 0:01:58]} 20. g3
{[%clk 0:01:24]} Qb7 {[%clk 0:01:56]} 21. Rfd1 {[%clk 0:01:20]} Rfc8
{[%clk 0:01:57]} 22. f3 {[%clk 0:00:50]} exf3 {[%clk 0:01:41]} 23. Bxf3
{[%clk 0:00:51]} Bd8 {[%clk 0:01:41]} 24. Kg2 {[%clk 0:00:50]} b4
{[%clk 0:01:34]} 25. Na2 {[%clk 0:00:21]} Rxc1 {[%clk 0:01:24]} 26. Qxc1
{[%clk 0:00:18]} Rc8 {[%clk 0:01:11]} 27. Qd2 {[%clk 0:00:19]} bxa3
{[%clk 0:01:11]} 28. bxa3 {[%clk 0:00:21]} Qb3 {[%clk 0:01:12]} 29. Nb4
{[%clk 0:00:20]} Rc3 {[%clk 0:01:06]} 30. Rb1 {[%clk 0:00:19]} Qxa3
{[%clk 0:01:05]} 31. Kf2 {[%clk 0:00:08]} Bb6 {[%clk 0:00:59]} 32. Bxb6
{[%clk 0:00:06]} Rxf3+ {[%clk 0:00:59]} 33. Ra1 0-1

[Event "European Individual Blitz Chess Championship 2016"]
[Site "?"]
[Date "2016.12.17"]
[Round "8.3"]
[White "Onischuk, Vladimir"]
[Black "Chigaev, Maksim"]
[Result "0-1"]
[BlackElo "2589"]
[WhiteElo "2740"]
[LiveChessVersion "1.4.7"]

1. e4 {[%clk 0:03:02]} c6 {[%clk 0:03:03]} 2. d4 {[%clk 0:03:03]} d5
{[%clk 0:03:04]} 3. e5 {[%clk 0:03:04]} c5 {[%clk 0:03:05]} 4. dxc5
{[%clk 0:03:03]} Nc6 {[%clk 0:03:06]} 5. Bb5 {[%clk 0:02:34]} e6 {[%clk 0:03:03]}
6. Nf3 {[%clk 0:02:19]} Bxc5 {[%clk 0:03:02]} 7. O-O {[%clk 0:02:20]} Nge7
{[%clk 0:03:03]} 8. a3 {[%clk 0:02:21]} Bd7 {[%clk 0:02:56]} 9. b4
{[%clk 0:02:16]} Bb6 {[%clk 0:02:53]} 10. Bb2 {[%clk 0:01:35]} Ng6
{[%clk 0:02:23]} 11. Bd3 {[%clk 0:01:30]} Rc8 {[%clk 0:02:15]} 12. Nbd2
{[%clk 0:01:28]} a5 {[%clk 0:02:00]} 13. b5 {[%clk 0:01:27]} Nce7
{[%clk 0:01:57]} 14. a4 {[%clk 0:01:27]} Nf4 {[%clk 0:01:54]} 15. Re1
{[%clk 0:01:26]} Bc5 {[%clk 0:01:18]} 16. Ba3 {[%clk 0:01:14]} Bxa3
{[%clk 0:01:08]} 17. Rxa3 {[%clk 0:01:15]} h6 {[%clk 0:01:02]} 18. Nd4
{[%clk 0:01:11]} Qb6 {[%clk 0:00:50]} 19. N2f3 {[%clk 0:01:11]} Qc5
{[%clk 0:00:30]} 20. Rb3 {[%clk 0:01:05]} b6 {[%clk 0:00:28]} 21. Ne2
{[%clk 0:00:55]} Nfg6 {[%clk 0:00:13]} 22. Qd2 {[%clk 0:00:50]} O-O
{[%clk 0:00:10]} 23. Ned4 {[%clk 0:00:51]} f6 {[%clk 0:00:06]} 24. Qe3
{[%clk 0:00:34]} fxe5 {[%clk 0:00:04]} 25. Nxe5 {[%clk 0:00:35]} Nxe5
{[%clk 0:00:05]} 26. Qxe5 {[%clk 0:00:36]} Rf6 {[%clk 0:00:06]} 27. Re2
{[%clk 0:00:22]} Rcf8 {[%clk 0:00:06]} 28. h3 {[%clk 0:00:21]} Kh8
{[%clk 0:00:06]} 29. c3 {[%clk 0:00:19]} Ng6 {[%clk 0:00:06]} 30. Bxg6
{[%clk 0:00:17]} Rxg6 {[%clk 0:00:07]} 31. Re3 {[%clk 0:00:16]} Qe7
{[%clk 0:00:06]} 32. Rb2 {[%clk 0:00:12]} Rg5 {[%clk 0:00:07]} 33. Qc7
{[%clk 0:00:09]} e5 {[%clk 0:00:08]} 34. Qxb6 {[%clk 0:00:06]} Bxh3
{[%clk 0:00:04]} 35. Rxh3 {[%clk 0:00:05]} exd4 {[%clk 0:00:06]} 36. Qxd4
{[%clk 0:00:04]} Qe1+ {[%clk 0:00:07]} 37. Kh2 {[%clk 0:00:05]} Kg8
{[%clk 0:00:05]} 38. f3 {[%clk 0:00:06]} Qe7 {[%clk 0:00:04]} 39. Rd2
{[%clk 0:00:05]} Qc7+ {[%clk 0:00:04]} 40. Kh1 {[%clk 0:00:05]} Qe7
{[%clk 0:00:05]} 41. Rd1 {[%clk 0:00:06]} Re5 {[%clk 0:00:03]} 42. Qd2
{[%clk 0:00:05]} Kh8 {[%clk 0:00:04]} 43. Kg1 {[%clk 0:00:05]} Re2
{[%clk 0:00:05]} 44. Qd4 {[%clk 0:00:05]} Qg5 {[%clk 0:00:05]} 45. Rh2
{[%clk 0:00:06]} Qg3 {[%clk 0:00:04]} 46. Rf1 {[%clk 0:00:07]} Qg6
{[%clk 0:00:04]} 47. Qxd5 {[%clk 0:00:07]} Rc8 {[%clk 0:00:04]} 48. c4
{[%clk 0:00:08]} Rc2 {[%clk 0:00:05]} 49. Qe4 {[%clk 0:00:08]} Qb6+
{[%clk 0:00:06]} 50. Kh1 {[%clk 0:00:08]} R2xc4 {[%clk 0:00:07]} 51. Qe2
{[%clk 0:00:07]} Rc2 {[%clk 0:00:07]} 52. Qe5 {[%clk 0:00:06]} Rc1
{[%clk 0:00:07]} 53. Qe2 {[%clk 0:00:04]} Rxf1+ {[%clk 0:00:05]} 54. Qxf1
{[%clk 0:00:06]} Qe3 {[%clk 0:00:06]} 55. Rh4 {[%clk 0:00:05]} Rc1
{[%clk 0:00:07]} 56. Qxc1 {[%clk 0:00:05]} Qxc1+ {[%clk 0:00:08]} 57. Kh2
{[%clk 0:00:07]} Qc7+ {[%clk 0:00:08]} 58. Kh1 {[%clk 0:00:05]} Kh7
{[%clk 0:00:08]} 59. Re4 {[%clk 0:00:05]} Kg6 {[%clk 0:00:07]} 60. Kg1
{[%clk 0:00:06]} Kf6 {[%clk 0:00:08]} 61. Kf2 {[%clk 0:00:07]} Qc5+
{[%clk 0:00:09]} 62. Kg3 {[%clk 0:00:07]} g5 {[%clk 0:00:10]} 63. Kh2
{[%clk 0:00:08]} h5 {[%clk 0:00:11]} 64. Kg3 {[%clk 0:00:06]} Qd6+
{[%clk 0:00:12]} 65. Kf2 {[%clk 0:00:07]} Qd2+ {[%clk 0:00:14]} 66. Kf1
{[%clk 0:00:08]} Qc2 {[%clk 0:00:11]} 67. Kg1 {[%clk 0:00:07]} g4
{[%clk 0:00:11]} 68. Kf1 {[%clk 0:00:04]} g3 {[%clk 0:00:11]} 0-1

[Event "European Individual Blitz Chess Championship 2016"]
[Site "?"]
[Date "2016.12.17"]
[Round "9.2"]
[White "Bortnyk, Olexandr"]
[Black "Chigaev, Maksim"]
[Result "1/2-1/2"]
[BlackElo "2589"]
[WhiteElo "2741"]
[LiveChessVersion "1.4.7"]

1. Nf3 {[%clk 0:03:03]} Nf6 {[%clk 0:02:57]} 2. e3 {[%clk 0:03:04]} g6
{[%clk 0:02:54]} 3. d4 {[%clk 0:03:02]} Bg7 {[%clk 0:02:54]} 4. c4
{[%clk 0:03:03]} O-O {[%clk 0:02:53]} 5. Nc3 {[%clk 0:03:00]} c5 {[%clk 0:02:49]}
6. d5 {[%clk 0:02:41]} d6 {[%clk 0:02:42]} 7. Be2 {[%clk 0:02:42]} e6
{[%clk 0:02:41]} 8. O-O {[%clk 0:02:40]} exd5 {[%clk 0:02:41]} 9. Nxd5
{[%clk 0:02:40]} Nc6 {[%clk 0:02:02]} 10. Nf4 {[%clk 0:02:09]} Bf5
{[%clk 0:01:24]} 11. a3 {[%clk 0:01:45]} a6 {[%clk 0:01:18]} 12. Qb3
{[%clk 0:01:39]} Rb8 {[%clk 0:01:16]} 13. Bd2 {[%clk 0:01:33]} Ne4
{[%clk 0:00:59]} 14. Rfd1 {[%clk 0:01:31]} b5 {[%clk 0:00:48]} 15. cxb5
{[%clk 0:01:22]} axb5 {[%clk 0:00:42]} 16. Bxb5 {[%clk 0:01:15]} Na7
{[%clk 0:00:33]} 17. a4 {[%clk 0:01:14]} Nxb5 {[%clk 0:00:28]} 18. axb5
{[%clk 0:01:15]} Qb6 {[%clk 0:00:28]} 19. Nd5 {[%clk 0:01:01]} Qxb5
{[%clk 0:00:27]} 20. Ne7+ {[%clk 0:01:00]} Kh8 {[%clk 0:00:28]} 21. Qxb5
{[%clk 0:00:51]} Rxb5 {[%clk 0:00:29]} 22. Nxf5 {[%clk 0:00:32]} gxf5
{[%clk 0:00:30]} 23. Bc3 {[%clk 0:00:23]} Nxc3 {[%clk 0:00:10]} 24. bxc3
{[%clk 0:00:24]} Bxc3 {[%clk 0:00:09]} 25. Rac1 {[%clk 0:00:23]} Be5
{[%clk 0:00:10]} 26. Nxe5 {[%clk 0:00:06]} dxe5 {[%clk 0:00:10]} 27. Rd5
{[%clk 0:00:07]} Re8 {[%clk 0:00:05]} 28. g3 {[%clk 0:00:04]} Kg7
{[%clk 0:00:06]} 29. h4 {[%clk 0:00:03]} Re7 {[%clk 0:00:07]} 30. Rcxc5
{[%clk 0:00:04]} Rxc5 {[%clk 0:00:08]} 31. Rxc5 {[%clk 0:00:05]} Kf6
{[%clk 0:00:08]} 32. Kg2 {[%clk 0:00:06]} h5 {[%clk 0:00:07]} 33. Rc8
{[%clk 0:00:07]} Kg7 {[%clk 0:00:09]} 34. Kf3 {[%clk 0:00:08]} Ra7
{[%clk 0:00:09]} 35. Rc5 {[%clk 0:00:08]} f6 {[%clk 0:00:09]} 36. Rc8
{[%clk 0:00:08]} Ra2 {[%clk 0:00:09]} 37. Rc7+ {[%clk 0:00:08]} Kg6
{[%clk 0:00:10]} 38. Rd7 {[%clk 0:00:08]} Rb2 {[%clk 0:00:10]} 39. Ke4 1/2-1/2